<?xml version="1.0" encoding="UTF-8"?>
<record
    xmlns:xsi="http://www.w3.org/2001/XMLSchema-instance"
    xsi:schemaLocation="http://www.loc.gov/MARC21/slim http://www.loc.gov/standards/marcxml/schema/MARC21slim.xsd"
    xmlns="http://www.loc.gov/MARC21/slim">

  <leader>02497nam a22002777a 4500</leader>
  <controlfield tag="001">BRCA_9298</controlfield>
  <controlfield tag="003">FranzMayer</controlfield>
  <controlfield tag="005">20230726141901.0</controlfield>
  <controlfield tag="008">230726b        |||||||| |||| 00| 0 eng d</controlfield>
  <datafield tag="040" ind1=" " ind2=" ">
    <subfield code="a">MFM</subfield>
    <subfield code="b">esp</subfield>
    <subfield code="c">MFM</subfield>
  </datafield>
  <datafield tag="050" ind1=" " ind2="4">
    <subfield code="a">LM49</subfield>
    <subfield code="b">P37 1751</subfield>
  </datafield>
  <datafield tag="082" ind1=" " ind2=" ">
    <subfield code="2">CR3499</subfield>
  </datafield>
  <datafield tag="100" ind1="1" ind2=" ">
    <subfield code="4">Autor</subfield>
    <subfield code="a">Parexa de y Quesada, Gabriel</subfield>
    <subfield code="9">28978</subfield>
  </datafield>
  <datafield tag="240" ind1="1" ind2=" ">
    <subfield code="a">L. D. Gabrielis de Parexa et Quesada de Universa Instrumentorum editiones tractatus in duos tomus divisus. Tomus Primus.</subfield>
    <subfield code="h">J.C. Castaonensis, et in  Ipsamet civitate, ex flatu Nobilium Confraternitatis Praetoris, Ciruam Magni Philippi IV. fequentis &amp; in ejus Tribunalibus caufurum Patroni, Praxis edendi sive Tractatus de Universa Instrumentorum Editione, Tam a Praelatis, Quam Judicibus Ecclefiafticis &amp; Sacularibus, litigaroribusque in Juridico prestanda. In quo omnis materia Editionum &amp;coacfte porrigendarum complectirur &amp; maximis lucubrationibus congetta enodatur</subfield>
    <subfield code="l">Lat&#xED;n</subfield>
  </datafield>
  <datafield tag="245" ind1="0" ind2=" ">
    <subfield code="a">L.D. Gabriellis De Parexa et Quesada, de Universa Instrumentorum editione tractatus in duos tomus divisus. Tomus Primus</subfield>
    <subfield code="b">J.C. Castaonensis, et in ipsamet. Civitate, ex flatu Nobilium Confraternitatis Praetoris, Curiam Magni Philippi IV. fequentis &amp; in ejus Tribunalibus caufarum Patroni, Praxis edendi sive Tractatus de Universa Instrumentorum editione, tam a praelatis, quam Judicibus Ecclesiasticis &amp; Sacularibus, litigatoribus que in Juridico preftanda . In quo omnis materia Editionum &amp; caufative porrigendarum completieur &amp; maximis lucubrationibus congelfa enodatur. </subfield>
  </datafield>
  <datafield tag="250" ind1=" " ind2=" ">
    <subfield code="a">Editio Novissima </subfield>
    <subfield code="b">Novena Edici&#xF3;n</subfield>
  </datafield>
  <datafield tag="260" ind1=" " ind2=" ">
    <subfield code="a">Lugduni, Italia</subfield>
    <subfield code="b">Sumptibus Petri Bruyset &amp; Sociorum </subfield>
    <subfield code="c">1751</subfield>
  </datafield>
  <datafield tag="300" ind1=" " ind2=" ">
    <subfield code="a">337 p</subfield>
    <subfield code="c">36 cm</subfield>
  </datafield>
  <datafield tag="440" ind1=" " ind2=" ">
    <subfield code="a">L.C. Gabrielis De Parexa et Quesada de universa instrumentorum editione travtatus in duos tomos divisus</subfield>
    <subfield code="n">Tomus primus </subfield>
    <subfield code="p">Cui accfferunt Additionws, in fuis locis repofitae, pro corrobatione corum quae ab Actore feripta funt &amp; aliae pro emmendatione aliquarum opiniomum, prout ex carum serie colligi poterir. Opus fane omnibus in Curiis tam Pontificiis quam Regiis ver fantibus utile apprime &amp; neccrffarium</subfield>
    <subfield code="v">Vol 1</subfield>
    <subfield code="9">28979</subfield>
  </datafield>
  <datafield tag="500" ind1=" " ind2=" ">
    <subfield code="a">El libro tiene preferencia y permiso real de la Corona.</subfield>
  </datafield>
  <datafield tag="500" ind1=" " ind2=" ">
    <subfield code="a">Algunas p&#xE1;ginas dl libro fueron restauradas.</subfield>
  </datafield>
  <datafield tag="505" ind1="0" ind2=" ">
    <subfield code="a">Texto en: lat&#xED;nDirigido a: historiadores, antrop&#xF3;logos o soci&#xF3;logos.Incluye &#xED;ndice tem&#xE1;tico.</subfield>
  </datafield>
  <datafield tag="650" ind1="1" ind2=" ">
    <subfield code="2">Realeza</subfield>
    <subfield code="a">Herencia</subfield>
    <subfield code="v">Provincia</subfield>
    <subfield code="9">28980</subfield>
  </datafield>
  <datafield tag="651" ind1="2" ind2=" ">
    <subfield code="2">T&#xED;tulos de honor</subfield>
    <subfield code="a">T&#xED;tulos de realeza</subfield>
    <subfield code="v">Haciendas </subfield>
    <subfield code="9">28981</subfield>
  </datafield>
  <datafield tag="942" ind1=" " ind2=" ">
    <subfield code="2">lcc</subfield>
    <subfield code="c">B</subfield>
  </datafield>
  <datafield tag="999" ind1=" " ind2=" ">
    <subfield code="c">10920</subfield>
    <subfield code="d">10920</subfield>
  </datafield>
  <datafield tag="952" ind1=" " ind2=" ">
    <subfield code="0">0</subfield>
    <subfield code="1">0</subfield>
    <subfield code="2">lcc</subfield>
    <subfield code="4">0</subfield>
    <subfield code="7">0</subfield>
    <subfield code="8">CFM</subfield>
    <subfield code="a">BRCA</subfield>
    <subfield code="b">BRCA</subfield>
    <subfield code="d">2023-07-26</subfield>
    <subfield code="e">Donaci&#xF3;n</subfield>
    <subfield code="l">0</subfield>
    <subfield code="o">LM49 P37 1751</subfield>
    <subfield code="p">CFM00534</subfield>
    <subfield code="r">2023-07-26 00:00:00</subfield>
    <subfield code="w">2023-07-26</subfield>
    <subfield code="y">B</subfield>
  </datafield>
</record>
